Big Time Rush (all songs) - Statistics

General Stats
  • This quiz has been taken 54 times
  • The average score is 31 of 67
Answer Stats
% Correct
Big Time Rush
97%
Elevate
88%
Worldwide
88%
24/Seven
85%
Boyfriend
85%
Cover Girl
74%
Paralyzed
74%
Any Kind Of Guy
71%
City Is Ours
71%
Count On You (ft. Jordin Sparks)
71%
Confetti Falling
68%
If I Ruled the World (ft. Iyaz)
68%
I Know You Know (ft. Cymphonique)
68%
Windows Down
68%
Big Night
65%
Love Me Love Me
65%
Oh Yeah
62%
Another Life
56%
Famous
56%
Halfway There
56%
Music Sounds Better (ft.Mann)
56%
No Idea
56%
Til I Forget About You
53%
Nothing Even Matters
53%
Time Of Our Life
53%
We Are
53%
Superstar
50%
Stuck
47%
All Over Again
44%
Crazy For You
44%
Invisible
44%
Like Nobody's Around
44%
Amazing
41%
Run Wild
41%
Show Me
41%
Song For You (ft. Karmin)
41%
Blow Your Speakers Out
38%
Get Up
38%
Picture This
38%
Shot In The Dark
38%
This Is Our Someday
38%
Waves
38%
Weekends
38%
You're Not Alone
38%
Honey
35%
Love Me Again
35%
Na Na Na
35%
Not Giving You Up
35%
Call It Like I See It
32%
Can't Get Enough
32%
Dale Pa'Ya (ft. Maffio)
29%
Superstitious
29%
Ask You Tonight
26%
Brand New
26%
Fall
26%
Just Getting Started
26%
Learn To Love
26%
Suave
26%
Untouchable
26%
I Just Want To (Party All The Time)
24%
I Want You Here All The Time
24%
Lost In Love (ft. Jake Miller)
24%
Only one
24%
Work For It
24%
Dreamworld
21%
Forget You Now
21%
Your Way
21%
No matching quizzes found
Score Distribution
Percent of People with Each Score
Percentile by Number Answered
Your Score History
You have not taken this quiz